Silla e la crisi repubblicana

Saved in:
Bibliografiske detaljer
Hovedforfatter: Valgiglio, Ernesto (Author)
Format: Bog
Sprog:italiensk
Udgivet: Florencia La Nuova Italia 1956
Serier:Biblioteca di Cultura, 60
Fag:
Tags: Tilføj Tag
Ingen Tags, Vær først til at tagge denne postø!

MARC

LEADER 00000nam a2200000 a 4500
001 UCP9445
003 CL-VaPUC
008 000324e19560000IT |||||||||||||||||ita|d
082 0 4 |a 937.05  |b VAL  |2 21 
100 0 |a Valgiglio, Ernesto  |e author  |9 440026 
245 1 0 |a Silla e la crisi repubblicana 
300 |a 251 p 
942 |c BK 
945 |d 20000324 00:00:00  |a rherrera 
260 |a Florencia  |b La Nuova Italia  |c 1956 
600 0 7 |a SILA  |2 CL-VaPUC  |9 431947 
650 0 |a Historia antigua  |9 267521 
650 7 |a ROMA  |2 CL-VaPUC  |9 317375 
650 0 |a República romana  |9 433651 
650 7 |a CRISIS POLITICA  |2 CL-VaPUC  |9 327740 
583 |a last modification  |c 20000324 00:00:00  |k Rodrigo Vera 
490 0 |a Biblioteca di Cultura, 60 
999 |c 286257  |d 286255 
952 |0 0  |1 0  |4 0  |6 937_050000000000000_VAL_1956  |7 0  |8 A  |9 331778  |a BIBHIS  |b BIBHIS  |d 2019-11-20  |i 1260057  |o 937.05 VAL 1956  |p 1260057  |r 2025-01-20  |w 2019-11-20  |y BK  |k HIS